Statistics for easy quiz

Click here to take the quiz!

General Stats

  • This quiz has been taken 58 times
  • The average score is 21 of 30

Answer Stats

HintAnswer% Correct
6+410
98%
1+34
98%
what do you do at a red light?stop
98%
7x321
93%
what number question is this?7
93%
what is your iq? (numbers only)above 0
93%
what planet do you live on?earth, hopefully
93%
are you enjoying this quiz?It's ok
93%
what restaurant sells big mac?mcdonalds
93%
what do cows produce?milk
93%
(14-3) + (7x2)25
86%
what website is this?JetPunk
86%
what question is this?12
84%
23-914
81%
what date was this quiz last updated?April 12, 2022
79%
what operation was that?multiplication
79%
what operation was the 2 previous problems?addition
77%
how many stars are on the american flag?50
74%
what is my username?Samalama111
74%
what country is south of africa?south africa
65%
what operation was that?subtraction
63%
how many different colors does the Belize flag have?12
60%
how many stars are on the panama flag?2
60%
how many horizontal stripes are on the comoros flag?4
60%
(7-6) + (19x13)248
47%
how many breeds of elephants are there?3
47%
what day, month, and year did vincent van gogh die?July 29, 1890
2%
how many feet are in 17 kilometers?55774.3
0%
who designed the statue of liberty?Frédéric Auguste Bartholdi
0%
what is prince william's full name?William Arthur Philip Louis Mountbatten-Windsor
0%

Score Distribution

Percentile by Number Answered

Percent of People with Each Score

Your Score History

You have not taken this quiz